<?xml version="1.0" encoding="UTF-8"?>
<record
    xmlns:xsi="http://www.w3.org/2001/XMLSchema-instance"
    xsi:schemaLocation="http://www.loc.gov/MARC21/slim http://www.loc.gov/standards/marcxml/schema/MARC21slim.xsd"
    xmlns="http://www.loc.gov/MARC21/slim">

  <leader>01418nam a2200205Ia 4500</leader>
  <controlfield tag="001">b6056-42183 </controlfield>
  <controlfield tag="003">IT-MiCISF</controlfield>
  <controlfield tag="008">161014s9999||||xx |||||||||||||| ||und||</controlfield>
  <datafield tag="040" ind1=" " ind2=" ">
    <subfield code="a">IT-MiCISF</subfield>
    <subfield code="c">IT-MiCISF</subfield>
  </datafield>
  <datafield tag="041" ind1=" " ind2=" ">
    <subfield code="a">it</subfield>
  </datafield>
  <datafield tag="100" ind1=" " ind2=" ">
    <subfield code="a">Aite Lucia</subfield>
  </datafield>
  <datafield tag="245" ind1=" " ind2="0">
    <subfield code="a">Culla di parole</subfield>
    <subfield code="b">Come accogliere gli inizi difficili della vita</subfield>
  </datafield>
  <datafield tag="250" ind1=" " ind2=" ">
    <subfield code="a">1a ed.</subfield>
  </datafield>
  <datafield tag="260" ind1=" " ind2=" ">
    <subfield code="a"> Torino</subfield>
    <subfield code="b">Bollati Boringhieri</subfield>
    <subfield code="c">2006</subfield>
  </datafield>
  <datafield tag="300" ind1=" " ind2=" ">
    <subfield code="a">pp. 194</subfield>
  </datafield>
  <datafield tag="500" ind1=" " ind2=" ">
    <subfield code="a"> / nascita, malattia, servizi-sanitari, genitorialit&#xE0;, operatori-sanitari, esperienze, diagnosi-prenatale, comunicazione / Molte sono le problematiche psicologiche incontrate dai genitori quando, alla nascita o in epoca prenatale, viene diagnosticata al bambino che sta per venire alla luce un'anomalia congenita che richiede un intervento chirurgico alla nascita. Si manifesta allora la necessit&#xE0; di un approccio multidisciplinare che, accanto alle risorse della chirurgia e delle tecniche rianimatorie e diagnostiche, dia ampio spazio agli aspetti umani e relazionali del "prendersi cura", aiutando i neonati e le loro famiglie a vivere il faticoso percorso della malattia. L'A. aiuta a ripercorrere il cammino  di queste coppie, facendo conoscere il loro travaglio psicologico,  ma anche le risorse di coraggio e volont&#xE0; che riescono a scoprire in s&#xE9; lungo il cammino.</subfield>
  </datafield>
  <datafield tag="650" ind1=" " ind2=" ">
    <subfield code="a"> Dinamiche familiari / salute-cura</subfield>
    <subfield code="e">001</subfield>
  </datafield>
  <datafield tag="942" ind1=" " ind2=" ">
    <subfield code="c">BK</subfield>
  </datafield>
  <datafield tag="957" ind1=" " ind2=" ">
    <subfield code="7">1</subfield>
  </datafield>
  <datafield tag="999" ind1=" " ind2=" ">
    <subfield code="a">42183</subfield>
    <subfield code="b">si</subfield>
    <subfield code="g">1</subfield>
    <subfield code="c">211024</subfield>
    <subfield code="d">211024</subfield>
  </datafield>
  <datafield tag="952" ind1=" " ind2=" ">
    <subfield code="0">0</subfield>
    <subfield code="1">0</subfield>
    <subfield code="4">0</subfield>
    <subfield code="6">B_605642183</subfield>
    <subfield code="7">1</subfield>
    <subfield code="a">CISF</subfield>
    <subfield code="b">CISF</subfield>
    <subfield code="d">2016-10-14</subfield>
    <subfield code="l">0</subfield>
    <subfield code="o">b6056-42183 </subfield>
    <subfield code="r">2016-10-14 00:00:00</subfield>
    <subfield code="w">2016-10-14</subfield>
    <subfield code="y">BK</subfield>
    <subfield code="z">Data import 15.10.2016 / by Epidotti, Vaglietti</subfield>
  </datafield>
</record>
